Webster`s new world. French dictionary
Wedi'i Gadw mewn:
| Prif Awdur: | |
|---|---|
| Fformat: | Llyfr |
| Iaith: | Undetermined |
| Cyhoeddwyd: |
New York, Estados Unidos
Prentice Hall
1992
|
| Rhifyn: | Concise |
| Pynciau: | |
| Tagiau: |
Ychwanegu Tag
Dim Tagiau, Byddwch y cyntaf i dagio'r cofnod hwn!
|
MARC
| LEADER | 00000nam a2200000Ia 4500 | ||
|---|---|---|---|
| 008 | 170316s9999 xx 000 0 und d | ||
| 020 | |a 0-13-953613-2 | ||
| 040 | |a cru BVZT | ||
| 090 | |a R-413 A-1w FRA-ING | ||
| 100 | |a Atkins, Beryl T. | ||
| 245 | |a Webster`s new world. French dictionary |c Beryl T. Atkins, Alain Duval , Hélène M. A. Lewis, Rosemary C. Milne | ||
| 250 | |a Concise | ||
| 260 | |a New York, Estados Unidos | ||
| 260 | |b Prentice Hall | ||
| 260 | |c 1992 | ||
| 300 | |a xii, 536 páginas | ||
| 500 | |a Basado en el diccionario Collins-Robert francés-inglés, inglés-francés. | ||
| 650 | 0 | |a REFERENCIA |9 27 | |
| 650 | 0 | |a DICCIONARIO |9 28 | |
| 650 | 0 | |a FRANCÉS-INGLÉS |9 107 | |
| 942 | |2 z |c REF | ||
| 999 | |c 30291 |d 30291 | ||



